Bluebird / (Record no. 361951)
[ view plain ]
| 000 -LEADER | |
|---|---|
| fixed length control field | 05060cjm a2201033 i 4500 |
| 001 - CONTROL NUMBER | |
| control field | ocm19492289 |
| 003 - CONTROL NUMBER IDENTIFIER | |
| control field | OCoLC |
| 005 - DATE AND TIME OF LATEST TRANSACTION | |
| control field | 20210521174722.0 |
| 007 - PHYSICAL DESCRIPTION FIXED FIELD--GENERAL INFORMATION | |
| fixed length control field | sd zunznnmlne| |
| 008 - FIXED-LENGTH DATA ELEMENTS--GENERAL INFORMATION | |
| fixed length control field | 920221s1989 caucynn n eng d |
| 010 ## - LIBRARY OF CONGRESS CONTROL NUMBER | |
| LC control number | 92753070 |
| 040 ## - CATALOGING SOURCE | |
| Original cataloging agency | IArlh |
| Language of cataloging | eng |
| Description conventions | rda |
| Transcribing agency | DLC |
| Modifying agency | GK8 |
| -- | BTCTA |
| -- | CDS |
| -- | OCLCO |
| -- | OCLCF |
| -- | OCL |
| -- | OCLCQ |
| -- | UMK |
| -- | OCL |
| -- | NLC |
| -- | OCLCQ |
| -- | JO3 |
| -- | WACOL |
| 015 ## - NATIONAL BIBLIOGRAPHY NUMBER | |
| National bibliography number | 900530650 |
| Source | can |
| 016 ## - NATIONAL BIBLIOGRAPHIC AGENCY CONTROL NUMBER | |
| Record control number | (AMICUS)000009633707 |
| 024 1# - OTHER STANDARD IDENTIFIER | |
| Standard number or code | 075992577625 |
| 028 02 - PUBLISHER NUMBER | |
| Publisher number | 9 25776-2 |
| Source | Reprise |
| 029 1# - (OCLC) | |
| OCLC library identifier | AU@ |
| System control number | 000042092278 |
| 029 1# - (OCLC) | |
| OCLC library identifier | NZ1 |
| System control number | 145714 |
| 029 1# - (OCLC) | |
| OCLC library identifier | NZ1 |
| System control number | 3710974 |
| 029 1# - (OCLC) | |
| OCLC library identifier | NLC |
| System control number | 000009633707 |
| 035 ## - SYSTEM CONTROL NUMBER | |
| System control number | (OCoLC)19492289 |
| 042 ## - AUTHENTICATION CODE | |
| Authentication code | lccopycat |
| 050 00 - LIBRARY OF CONGRESS CALL NUMBER | |
| Classification number | SDB 36380 |
| 050 #4 - LIBRARY OF CONGRESS CALL NUMBER | |
| Classification number | M1630.18.H37 |
| Item number | B58 1989 |
| 055 01 - CLASSIFICATION NUMBERS ASSIGNED IN CANADA | |
| Classification number | M1627 |
| 082 04 - DEWEY DECIMAL CLASSIFICATION NUMBER | |
| Classification number | 784.52 |
| 084 ## - OTHER CLASSIFICATION NUMBER | |
| Classification number | cci1icc |
| Source of number | lacc |
| 092 ## - LOCALLY ASSIGNED DEWEY CALL NUMBER (OCLC) | |
| Classification number | CD |
| Item number | Harris |
| 049 ## - LOCAL HOLDINGS (OCLC) | |
| Holding library | WACL |
| 245 00 - TITLE STATEMENT | |
| Title | Bluebird / |
| Statement of responsibility, etc | Emmylou Harris. |
| 264 #1 - Production, Publication, Distribution, Manufacture, and Copyright Notice. | |
| Place of production, publication, distribution, manufacture | [Burbank, CA] : |
| Name of producer, publisher, distributor, manufacturer | Reprise Records, |
| Date of production, publication, distribution, manufacture, or copyr | [1989] |
| 264 #4 - Production, Publication, Distribution, Manufacture, and Copyright Notice. | |
| Date of production, publication, distribution, manufacture, or copyr | �1989 |
| 300 ## - PHYSICAL DESCRIPTION | |
| Extent | 1 audio disc : |
| Other physical details | digital ; |
| Dimensions | 4 3/4 in. |
| 336 ## - Content Type | |
| Content type term | performed music |
| 337 ## - Media type | |
| Media type term | audio |
| 338 ## - Carrier type | |
| Carrier type term | audio disc |
| 344 ## - | |
| -- | digital |
| -- | optical |
| -- | rda |
| 347 ## - | |
| -- | audio file |
| -- | CD audio |
| -- | rda |
| 500 ## - GENERAL NOTE | |
| General note | Title from disc label. |
| 500 ## - GENERAL NOTE | |
| General note | Folk- rock songs and country songs. |
| 511 0# - PARTICIPANT OR PERFORMER NOTE | |
| Participant or performer note | Emmylou Harris, acoustic guitar, rhythm electric guitar, percussion, vocals ; Kieran Kane, mandolin ; Mandolin Orchestra ; Richard Bennett, acoustic guitar, electric guitar, 6-string guitar, 12-string guitar, 6-string bass, percussion ; Steve Fishell, pedal steel, acoustic dobro ; Michael Henderson, electric slide guitar ; Bonnie Raitt, electric slide guitar, background vocals ; David Pomeroy, acoustic bass, electric bass, upright electric bass ; Kate McGarrigle, accordion, background vocals ; Glen D. Hardin, acoustic piano, ensonic synthesizer ; Carl Marsh, B-3 organ, synthesizer ; Billy Thomas, drums, percussion, background vocals ; Kenny Malone, percussion ; Emory Gordy, Jr., string arrangements ; Anna McGarrigle, Ashley Cleveland, Harry Stinson, Donivan Cowart, Barry Tashian, Pam Rose, Mary Ann Kennedy, background vocals. |
| 518 ## - DATE/TIME AND PLACE OF AN EVENT NOTE | |
| -- | Recorded |
| -- | Digital Recorders. |
| 508 ## - CREATION/PRODUCTION CREDITS NOTE | |
| Creation/production credits note | Produced by Richard Bennett and Emmylou Harris. |
| 500 ## - GENERAL NOTE | |
| General note | Compact disc. |
| 500 ## - GENERAL NOTE | |
| General note | Program notes and credits (7 p.) on container insert. |
| 505 00 - FORMATTED CONTENTS NOTE | |
| Title | Heaven only knows / |
| Statement of responsibility | Paul Kennerley |
| Miscellaneous information | (3:36) -- |
| Title | You've been on my mind / |
| Statement of responsibility | Rodney Crowell |
| Miscellaneous information | (2:54) -- |
| Title | Icy blue heart / |
| Statement of responsibility | John Hiatt |
| Miscellaneous information | (4:08) -- |
| Title | Love is / |
| Statement of responsibility | Kate McGarrigle, Anna McGarrigle, Jane McGarrigle |
| Miscellaneous information | (3:53) -- |
| Title | No regrets / |
| Statement of responsibility | Tom Rush |
| Miscellaneous information | (5:38) -- |
| Title | Lonely street / |
| Statement of responsibility | Carl Belew, W.S. Stevenson, Kenny Sowder |
| Miscellaneous information | (3:14) -- |
| Title | Heartbreak hill / |
| Statement of responsibility | Emmylou Harris, Paul Kennerley |
| Miscellaneous information | (3:12) -- |
| Title | I still miss someone / |
| Statement of responsibility | Johnny Cash, Roy Cash, Jr. |
| Miscellaneous information | (2:51) -- |
| Title | A river for him / |
| Statement of responsibility | Emmylou Harris |
| Miscellaneous information | (5:02) -- |
| Title | If you were a bluebird / |
| Statement of responsibility | George Hancock |
| Miscellaneous information | (4:44). |
| 521 ## - TARGET AUDIENCE NOTE | |
| Target audience note | CD |
| Source | Donation |
| 650 #0 - SUBJECT ADDED ENTRY--TOPICAL TERM | |
| Topical term or geographic name as entry element | Country music |
| Chronological subdivision | 1981-1990. |
| 9 (RLIN) | 94920 |
| 650 #0 - SUBJECT ADDED ENTRY--TOPICAL TERM | |
| Topical term or geographic name as entry element | Folk-rock music. |
| 650 #7 - SUBJECT ADDED ENTRY--TOPICAL TERM | |
| Topical term or geographic name as entry element | Country music. |
| Source of heading or term | fast |
| -- | (OCoLC)fst00881424 |
| 650 #7 - SUBJECT ADDED ENTRY--TOPICAL TERM | |
| Topical term or geographic name as entry element | Folk-rock music. |
| Source of heading or term | fast |
| -- | (OCoLC)fst00930303 |
| 9 (RLIN) | 6418652 |
| 650 #6 - SUBJECT ADDED ENTRY--TOPICAL TERM | |
| Topical term or geographic name as entry element | Musique country. |
| 9 (RLIN) | 5829264 |
| 648 #7 - SUBJECT ADDED ENTRY--CHRONOLOGICAL TERM | |
| Chronological term | 1981-1990 |
| Source of heading or term | fast |
| 9 (RLIN) | 5766088 |
| 655 #7 - INDEX TERM--GENRE/FORM | |
| Genre/form data or focus term | Country music. |
| Source of term | fast |
| -- | (OCoLC)fst01726574 |
| 655 #7 - INDEX TERM--GENRE/FORM | |
| Genre/form data or focus term | Folk-rock music. |
| Source of term | fast |
| -- | (OCoLC)fst01726619 |
| 9 (RLIN) | 5872843 |
| 655 #7 - INDEX TERM--GENRE/FORM | |
| Genre/form data or focus term | Country music. |
| Source of term | lcgft |
| 9 (RLIN) | 6418653 |
| 655 #7 - INDEX TERM--GENRE/FORM | |
| Genre/form data or focus term | Folk-rock music. |
| Source of term | lcgft |
| 9 (RLIN) | 5872843 |
| 655 #4 - INDEX TERM--GENRE/FORM | |
| Genre/form data or focus term | Compact discs. |
| 9 (RLIN) | 5675080 |
| 700 1# - ADDED ENTRY--PERSONAL NAME | |
| Personal name | Harris, Emmylou, |
| Relator term | producer, |
| -- | instrumentalist, |
| -- | singer. |
| 9 (RLIN) | 19977 |
| 700 1# - ADDED ENTRY--PERSONAL NAME | |
| Personal name | Kane, Kieran, |
| Relator term | instrumentalist. |
| 9 (RLIN) | 6418654 |
| 700 1# - ADDED ENTRY--PERSONAL NAME | |
| Personal name | Bennett, Richard |
| Titles and other words associated with a name | (Guitarist), |
| Relator term | instrumentalist. |
| 9 (RLIN) | 6418655 |
| 700 1# - ADDED ENTRY--PERSONAL NAME | |
| Personal name | Henderson, Mike |
| Titles and other words associated with a name | (Guitarist), |
| Relator term | instrumentalist. |
| 9 (RLIN) | 6418656 |
| 700 1# - ADDED ENTRY--PERSONAL NAME | |
| Personal name | Raitt, Bonnie, |
| Relator term | instrumentalist, |
| -- | singer. |
| 9 (RLIN) | 35068 |
| 700 1# - ADDED ENTRY--PERSONAL NAME | |
| Personal name | Pomeroy, Dave, |
| Dates associated with a name | 1956- |
| Relator term | instrumentalist. |
| 9 (RLIN) | 6418657 |
| 700 1# - ADDED ENTRY--PERSONAL NAME | |
| Personal name | McGarrigle, Kate, |
| Relator term | composer, |
| -- | lyricist, |
| -- | instrumentalist, |
| -- | singer. |
| 9 (RLIN) | 6418658 |
| 700 1# - ADDED ENTRY--PERSONAL NAME | |
| Personal name | Hardin, Glen D., |
| Relator term | instrumentalist. |
| 9 (RLIN) | 6418659 |
| 700 1# - ADDED ENTRY--PERSONAL NAME | |
| Personal name | Marsh, Carl, |
| Relator term | instrumentalist. |
| 9 (RLIN) | 6418660 |
| 700 1# - ADDED ENTRY--PERSONAL NAME | |
| Personal name | Malone, Kenny, |
| Relator term | instrumentalist. |
| 9 (RLIN) | 6418661 |
| 700 1# - ADDED ENTRY--PERSONAL NAME | |
| Personal name | Gordy, Emory, |
| Relator term | arranger. |
| 9 (RLIN) | 6418662 |
| 700 1# - ADDED ENTRY--PERSONAL NAME | |
| Personal name | McGarrigle, Anna, |
| Relator term | composer, |
| -- | lyricist, |
| -- | singer. |
| 9 (RLIN) | 6418663 |
| 700 1# - ADDED ENTRY--PERSONAL NAME | |
| Personal name | Cleveland, Ashley, |
| Relator term | singer. |
| 9 (RLIN) | 6259614 |
| 700 1# - ADDED ENTRY--PERSONAL NAME | |
| Personal name | Stinson, Harry, |
| Relator term | singer. |
| 9 (RLIN) | 6418664 |
| 700 1# - ADDED ENTRY--PERSONAL NAME | |
| Personal name | Tashian, Barry, |
| Relator term | singer. |
| 9 (RLIN) | 6418665 |
| 700 1# - ADDED ENTRY--PERSONAL NAME | |
| Personal name | Rose, Pam, |
| Relator term | singer. |
| 9 (RLIN) | 6418666 |
| 700 1# - ADDED ENTRY--PERSONAL NAME | |
| Personal name | Kennedy, Mary Ann, |
| Relator term | singer. |
| 9 (RLIN) | 6418667 |
| 710 2# - ADDED ENTRY--CORPORATE NAME | |
| Corporate name or jurisdiction name as entry element | Mandolin Orchestra, |
| Relator term | instrumentalist. |
| 9 (RLIN) | 6418668 |
| 740 02 - ADDED ENTRY--UNCONTROLLED RELATED/ANALYTICAL TITLE | |
| Uncontrolled related/analytical title | Heaven only knows. |
| 740 02 - ADDED ENTRY--UNCONTROLLED RELATED/ANALYTICAL TITLE | |
| Uncontrolled related/analytical title | You've been on my mind. |
| 740 02 - ADDED ENTRY--UNCONTROLLED RELATED/ANALYTICAL TITLE | |
| Uncontrolled related/analytical title | Icy blue heart. |
| 740 02 - ADDED ENTRY--UNCONTROLLED RELATED/ANALYTICAL TITLE | |
| Uncontrolled related/analytical title | Love is. |
| 740 02 - ADDED ENTRY--UNCONTROLLED RELATED/ANALYTICAL TITLE | |
| Uncontrolled related/analytical title | No regrets. |
| 740 02 - ADDED ENTRY--UNCONTROLLED RELATED/ANALYTICAL TITLE | |
| Uncontrolled related/analytical title | Lonely street. |
| 740 02 - ADDED ENTRY--UNCONTROLLED RELATED/ANALYTICAL TITLE | |
| Uncontrolled related/analytical title | Heartbreak hill. |
| 740 02 - ADDED ENTRY--UNCONTROLLED RELATED/ANALYTICAL TITLE | |
| Uncontrolled related/analytical title | I still miss someone. |
| 740 02 - ADDED ENTRY--UNCONTROLLED RELATED/ANALYTICAL TITLE | |
| Uncontrolled related/analytical title | River for him. |
| 740 02 - ADDED ENTRY--UNCONTROLLED RELATED/ANALYTICAL TITLE | |
| Uncontrolled related/analytical title | If you were a bluebird. |
| 938 ## - | |
| -- | Baker and Taylor |
| -- | BTCP |
| -- | be2001024516 |
| 994 ## - | |
| -- | C0 |
| -- | WACOL |
| Withdrawn status | Lost status | Source of classification or shelving scheme | Damaged status | Not for loan | Collection code | Home library | Current library | Shelving location | Date acquired | Source of acquisition | Total Checkouts | Full call number | Barcode | Date last seen | Date checked out | Cost, replacement price | Price effective from | Koha item type |
|---|---|---|---|---|---|---|---|---|---|---|---|---|---|---|---|---|---|---|
| Dewey Decimal Classification | Music | Wasatch County Library | Wasatch County Library | Second Floor | 05/26/2021 | Donation | 5 | Music CD Harris | 34301001815283 | 07/31/2025 | 07/30/2025 | 4.99 | 05/26/2021 | Music CD |
